| 000 | 00798cab a2200229 4500 | ||
|---|---|---|---|
| 001 | WB2842-49 | ||
| 008 | 090401t1992 xxu||||| |||| 00| 0 eng d | ||
| 035 | _a(Sirsi) u49404 | ||
| 041 | _aeng | ||
| 245 | _aIndependents forms new pressure group | ||
| 260 | _c1992 | ||
| 350 | _a0 | ||
| 490 |
_aChartered Surveyor Weekly _v41(5) 29 October 1992, 6(1) |
||
| 520 | _a58 small firms of independent surveyors have formed the Independent Surveyors Association with the aim of winning back mortgage valuation work from institutionally-owned firms. | ||
| 650 | _aCOMPETITION | ||
| 650 | _aINDEPENDENT SURVEYORS ASSOCIATION | ||
| 650 | _aMORTGAGE VALUATION | ||
| 650 | _aSOLE PRACTIONERS | ||
| 690 | _aMANAGEMENT-BUSINESS MANAGEMENT-PROFESSIONAL PRACTICE | ||
| 942 | _n0 | ||
| 948 | _c04/03/1997 | ||
| 999 |
_c30916 _d30916 |
||